<?xml version="1.0" encoding="UTF-8"?>
<marc:record xmlns:marc="http://www.loc.gov/MARC21/slim">
   <marc:leader>00000nam a2200000 a 4500</marc:leader>
   <marc:datafield ind1="1" ind2=" " tag="100">
      <marc:subfield code="a">Zimmermann, Irene</marc:subfield>
      <marc:subfield code="4">aut</marc:subfield>
      <marc:subfield code="e">Verfasser/-in</marc:subfield>
   </marc:datafield>
   <marc:datafield ind1="0" ind2="0" tag="245">
      <marc:subfield code="a">Geradeaus ist keine Himmelsrichtung</marc:subfield>
   </marc:datafield>
   <marc:datafield ind1="0" ind2="0" tag="245">
      <marc:subfield code="b">Roman</marc:subfield>
   </marc:datafield>
   <marc:datafield ind1="0" ind2="0" tag="245">
      <marc:subfield code="c">Irene Zimmermann</marc:subfield>
   </marc:datafield>
   <marc:datafield ind1=" " ind2="1" tag="264">
      <marc:subfield code="a">München</marc:subfield>
      <marc:subfield code="b">Diana</marc:subfield>
      <marc:subfield code="c">2016</marc:subfield>
   </marc:datafield>
   <marc:datafield ind1="1" ind2=" " tag="520">
      <marc:subfield code="a">Angaben aus der Verlagsmeldung

Geradeaus ist keine Himmelsrichtung : Roman / von Irene Zimmermann

Geradeaus das Leben entlang, dann links abbiegen Richtung Glück

Karola, Regine und Giulia müssen fliehen – und zwar sofort. Eigentlich wollten sie nur ein Auto von Zürich nach Deutschland überführen, die 1,5 Millionen im Kofferraum gehörten nicht zum Plan. Denn das Geld war sicher nicht für sie gedacht, und irgendwer wird es vermissen. Aber einfach zurückgeben wäre ja auch blöd. Kurzerhand fahren die drei Freundinnen zu Karolas Tante aufs Land, wo sie die kleine Gemeinde und die Männerherzen gehörig durcheinanderwirbeln …
</marc:subfield>
   </marc:datafield>
   <marc:datafield ind1=" " ind2=" " tag="020">
      <marc:subfield code="a">9783453358928</marc:subfield>
      <marc:subfield code="9">9783453358928</marc:subfield>
   </marc:datafield>
   <marc:datafield ind1=" " ind2=" " tag="020">
      <marc:subfield code="a">3453358929</marc:subfield>
      <marc:subfield code="9">3453358929</marc:subfield>
   </marc:datafield>
   <marc:datafield ind1=" " ind2=" " tag="041">
      <marc:subfield code="a">ger</marc:subfield>
   </marc:datafield>
   <marc:datafield ind1=" " ind2=" " tag="300">
      <marc:subfield code="a">367 Seiten</marc:subfield>
   </marc:datafield>
</marc:record>
